Rebelión en la granja

Una noche, cuando el granjero Jones se ha ido a dormir borracho, todos los animales de la Granja Manor deciden luchar contra el hombre que los maltrata. Los animales planean una rebelión para acabar con la dictadura actual, se hacen con la granja: instauran sus leyes y sus propias normas, pero no se...

Descripción completa

Guardado en:
Autor Principal: Stephenson, John.
Autor Corporativo: Hallmark Entertainment.
Otros Autores: Orwell, George; Novela., Postlethwaite, Pete; Reparto., Stanford, Alan; Reparto.
Formato: Deslizar
Idioma:Undetermined
Publicado: Estados Unidos : Sonar Entertainment, 1999.
Materias:
Etiquetas: Agregar Etiqueta
Sin Etiquetas, Sea el primero en etiquetar este registro!
LEADER 01546ngm a22002415a 4500
001 CEM.cems020537
008 231009s1999####xx#---############vlund#d
005 20231009203021.0
245 1 0 |a Rebelión en la granja  |h [videograbación] /  |c John Stephenson. 
260 |a Estados Unidos :  |b Sonar Entertainment,  |c 1999. 
300 |a 91'. 
520 |a Una noche, cuando el granjero Jones se ha ido a dormir borracho, todos los animales de la Granja Manor deciden luchar contra el hombre que los maltrata. Los animales planean una rebelión para acabar con la dictadura actual, se hacen con la granja: instauran sus leyes y sus propias normas, pero no será fácil crear un nuevo sistema político. Con el tiempo los cerdos se convertirán en los nuevos tiranos creando un sistema opresor y despiadado... Animales (creados por la factoría de Jim Henson) y algún humano para recrear la famosa novela de Orwell que representaba una alegoría política sobre la revolución bolchevique y el posterior sistema comunista. 
538 |a Soporte: DVD -- Formato: AVI – Peso: 799mb -- Resolución: 528 x 288 -- 25 fps 
500 |a Título original: Animal Farm – Idioma: Doblado al español. 
590 |a Identificación anterior: 224 
100 1 |a Stephenson, John. 
700 1 |a Orwell, George; Novela. 
700 1 |a Postlethwaite, Pete; Reparto. 
700 1 |a Stanford, Alan; Reparto. 
710 2 |a Hallmark Entertainment. 
653 |a LARGOMETRAJE 
653 |a FICCIÓN 
859 |a CEMS  |b BIB. CEMS - Depto. Recursos Didacticos  |h 778.5  |i STE  |k DRD  |p 3168.23  |t Ej.1